000 01249nam a2200325 i 4500
003 DO-SdBNP
005 20260519141152.0
007 ta
008 220127e2009 dr ||||fr|||| 001 0dspa d
020 _a9789945447194
040 _aDO-SdBNP
_bspa
_cBNPHU
_erda
041 _aspa
082 4 _axxx
_bxxx
_222
100 1 _aJusto Duarte, Amaury,
_d1942-
_eautor
_4aut.
_98575
245 1 0 _aPartidos políticos en la sociedad dominicana (1844-2008) /
_cAmaury Justo Duarte
250 _asegunda edición
264 4 _aSanto Domingo :
_bEditora Universitaria UASD,
_c©2009
300 _a382 páginas ;
_c 24 cm.
336 _atexto
_btxt
_2rdacontent
337 _asin mediación
_bn
_2rdamedia
338 _avolumen
_bnc
_2rdacarrier
490 1 _aPublicaciones de la Universidad Autónoma de Santo Domingo;
_v1437
490 1 _aColección Derecho y Política
_v22
500 _aIncluye datos biográficos del autor en las solapas
500 _aIncluye referencias bibliográficas y notas al pié de las páginas.
504 _aBibliografía : páginas 318
590 _aInventariado, 2024/MFeliz
830 0 _aPublicaciones de la Universidad Autónoma de Santo Domingo;
_v1437
_pColección Derecho y Política ;
_n22
_989666
942 _2ddc
_cLBS1
999 _c51246
_d51246